Plainsong
Saved in:
| Main Author: | |
|---|---|
| Format: | Book |
| Published: |
BritainlbMackays of chatnamlc1999
|
| Tags: |
Add Tag
No Tags, Be the first to tag this record!
|
| Call Number : | PZ 7. HAR 1999 |
MARC
| LEADER | 00000pam a2200000 4500 | ||
|---|---|---|---|
| 001 | 14219 | ||
| 003 | MY-KLNDU | ||
| 005 | 20241218060022.0 | ||
| 020 | 0 | 0 | |a 0 330 39663 3 |
| 035 | |a 0000006116 | ||
| 039 | 9 | |y 200910081615 |z VLOAD | |
| 090 | 0 | 0 | |a PZ 7. |b HAR 1999 |
| 100 | 1 | 0 | |a Haruf |h Kent |
| 245 | 1 | 0 | |a Plainsong |c Kent Haruf |
| 260 | 0 | 0 | |a BritainlbMackays of chatnamlc1999 |
| 300 | |a 301p. |c 17cm | ||
| 999 | |a vtls000013746 |c 14219 |d 14219 | ||